000 00883cam a2200205 4500
001 ##L132890
008 060317n2006 000 0 eng u
035 _a(Sirsi) u132890
041 0 _aeng
050 0 4 _a333.33025 $4 18
110 2 _aProperty Data Limited
_93654
245 0 4 _aThe UK property developer directory
_b2006 edition
260 _aLondon
_bProperty Data Limited
_c2006
300 _a295p
_c30cm +
_e1cd
350 _a275
520 _aContains an index of the top 100 UK property developers listed by their most recent reported turnover; an index of current active developers by region and sector; UK property developers' head offices listed by 12 regions; and detailed information on over 1 400 commercial property developers.
520 _aAccompanied by a CD containing company financial information.
690 _aPROPERTY-PROPERTY DEVELOPMENT
942 _n0
999 _c105277
_d105277